El zorro de arriba y el zorro de abajo /
Gardado en:
| Autor Principal: | |
|---|---|
| Outros autores: | |
| Formato: | Libro |
| Idioma: | Spanish |
| Publicado: |
Madrid:
ALLCA,
1996.
|
| Edición: | 2. edición |
| Series: | Colección archivos;
14 |
| Materias: | |
| Etiquetas: |
Engadir etiqueta
Sen Etiquetas, Sexa o primeiro en etiquetar este rexistro!
|
MARC
| LEADER | 00000nam a2200000 b 4500 | ||
|---|---|---|---|
| 001 | bimo0000362951 | ||
| 005 | 20150216013327.0 | ||
| 008 | 921023s1996 sp | |||| ||spa d | ||
| 020 | |a 8400070232 | ||
| 040 | |a SpMaBN |b spa |c CHM |d CRU CIICLA | ||
| 082 | |a Pe863.4 |b A694z2 | ||
| 100 | 1 | |a Arguedas, José María |d 1911-1969 | |
| 245 | 1 | 3 | |a El zorro de arriba y el zorro de abajo / |h [Texto impreso] |c José María Arguedas ; edición crítica Eve-Marie fell |
| 250 | |a 2. edición | ||
| 260 | |a Madrid: |b ALLCA, |c 1996. | ||
| 300 | |a 465 páginas | ||
| 490 | 1 | |a Colección archivos; |v 14 | |
| 600 | 1 | 7 | |a ARGUEDAS, JOSE MARIA |d 1911-1969 |x CRITICA E INTERPRETACION |2 embne |
| 650 | 1 | 4 | |a LITERATURA PERUANA |v NOVELA |
| 700 | 1 | |a Fell, Ève-Marie | |
| 942 | |2 ddc |c BK | ||
| 956 | |a 1 2 | ||
| 999 | |c 3901 |d 3901 | ||



